Métodos para el diagnóstico ambiental de suelos /

Detalles Bibliográficos
Autores principales: Pérez, Edier Humberto (Autor), Muñoz Gómez, Fernando Andrés (Autor), Sarria Villa, Rodrigo Andrés (Autor)
Formato: Electrónico eBook
Lenguaje:español
Publicado: Popayán, Colombia : Editorial Universidad del Cauca, 2022.
Edición:Primera edición en castellano.
Materias:
Acceso en línea:Digitalia Hispánica

MARC

LEADER 00000nam a2200000 i 4500
001 DIGUCAUCA0148
003 NyNyDIG
006 m o d
007 cr |||||||||||
008 231008s2022 ck a ob 001 0 spa d
035 |a (OCoLC)1394136037 
040 |a DGITA  |b eng  |e rda  |e pn  |c DGITA 
020 |a 9789587325706  |q eBook 
020 |z 9789587325706 
020 |z 9789587325690 
050 1 4 |a S593 ebook 
100 1 |a Pérez, Edier Humberto,  |e author.  
245 1 0 |a Métodos para el diagnóstico ambiental de suelos /  |c Edier Humberto Pérez, Fernando Andrés Muñoz Gómez, Rodrigo Andrés Sarria-Villa. 
250 |a Primera edición en castellano. 
264 1 |a Popayán, Colombia :  |b Editorial Universidad del Cauca,  |c 2022. 
300 |a 1 online resource :  |b illustrations. 
336 |a text  |b txt  |2 rdacontent 
337 |a computer file  |b c  |2 rdamedia 
338 |a online resource  |b cr  |2 rdacarrier 
347 |a text file  |2 rdaft 
347 |b PDF 
504 |a Includes bibliographical references and Index. 
588 0 |a Online resource; title from PDF title page (Digitalia, viewed October 8, 2023) 
650 0 |a Soils  |x Analysis. 
650 0 |a Mountain soils. 
700 1 |a Muñoz Gómez, Fernando Andrés,  |e author.  
700 1 |a Sarria Villa, Rodrigo Andrés,  |e author. 
776 0 8 |i Print version:  |a Pérez, Edier Humberto.  |t Métodos para el diagnóstico ambiental de suelos.  |b Primera edición en castellano.  |d Popayán, Colombia : Editorial Universidad del Cauca, 2022  |z 9789587325690 
791 2 |a Digitalia (Firm),  |e distributor. 
793 0 |g Digitalia eBook Collection:  |a Universidad del Cauca 
856 4 0 |3 Digitalia Hispánica  |u https://www.digitaliapublishing.com/a/129863/ 
910 |a Premium collection: 2023